| 000 | 00446nam a22001817a 4500 | ||
|---|---|---|---|
| 003 | MPLRDC | ||
| 005 | 20220104114119.0 | ||
| 008 | 210129b ||||| |||| 00| 0 eng d | ||
| 020 | _a7-80041-128-1 | ||
| 082 | _a782.886 JQ-6 v.2 | ||
| 100 | _a林青山 | ||
| 245 |
_a江青沉浮录. 下卷 _c |
||
| 250 | _a一版一刷 | ||
| 260 |
_a _b中国新闻出版社 _c1988 |
||
| 300 | _b平 | ||
| 650 | _a江青传记 | ||
| 942 |
_cBK _o782.886 JQ-6 v.2 |
||
| 999 |
_c4921 _d4911 |
||